Žena ako zamestnankyňa a jej postavenie v pracovnoprávnych vzťahoch
Postavenie žien z pohľadu medzinárodného a európskeho práva. Postavenie žien z pohľadu slovenského pracovného práva. Subjekt ochrany – jednotlivé kategórie žien (žena – zamestnankyňa, tehotná zamestnankyňa, dojčiaca zamestnankyňa, matky do konca deviateho mesiaca po pôrode).
Na minha lista:
| Autor principal: | |
|---|---|
| Formato: | Capítulo de Livro |
| Idioma: | eslovaco |
| Assuntos: | |
| Tags: |
Sem tags, seja o primeiro a adicionar uma tag!
|
MARC
| LEADER | 00000nla a2200000 4500 | ||
|---|---|---|---|
| 001 | 0192661 | ||
| 005 | 20240417075049.3 | ||
| 041 | 0 | |a slo | |
| 044 | |a SK | ||
| 245 | 1 | 0 | |a Žena ako zamestnankyňa a jej postavenie v pracovnoprávnych vzťahoch |c Katarína Svitanová |
| 520 | |a Postavenie žien z pohľadu medzinárodného a európskeho práva. Postavenie žien z pohľadu slovenského pracovného práva. Subjekt ochrany – jednotlivé kategórie žien (žena – zamestnankyňa, tehotná zamestnankyňa, dojčiaca zamestnankyňa, matky do konca deviateho mesiaca po pôrode). | ||
| 610 | 2 | 0 | |a vzťahy pracovnoprávne |
| 610 | 2 | 0 | |a ženy |
| 610 | 2 | 0 | |a úpravy právne |
| 610 | 2 | 0 | |a právo pracovné |
| 100 | 1 | |a Svitanová, Katarína | |